| 000 | 00362nam a2200133Ia 4500 | ||
|---|---|---|---|
| 008 | 210430s9999 xx 000 0 und d | ||
| 020 | _a9788184327701 | ||
| 082 | _a519.4 C5321 N | ||
| 100 |
_aDr.J.S. Chitode _954157 |
||
| 245 |
_aNumerical Methods _cDr.J.S. Chitode |
||
| 260 |
_aIndia _bTechnical Publication pune _c2011 |
||
| 300 | _a5-53p | ||
| 942 |
_cBK _2ddc |
||
| 999 |
_c564633 _d564633 |
||